Mechanizmus a fungovanie únikových klauzúl v rámci fiškálnych pravidiel diplomová práca

Guardado en:
Detalles Bibliográficos
Autor principal: Chabadová, Alžbeta
Autor Corporativo: Národohospodárska fakulta EU. Katedra financií
Otros Autores: Boór, Matej, 1988-
Formato: Libro
Lenguaje:eslovaco
Publicado: Bratislava 2025
Etiquetas: Agregar Etiqueta
Sin Etiquetas, Sea el primero en etiquetar este registro!

MARC

LEADER 00000nbm a2200000 4500
001 0309313
005 20251016123914.9
041 0 |a slo 
044 |a SK 
245 1 0 |a Mechanizmus a fungovanie únikových klauzúl v rámci fiškálnych pravidiel  |b diplomová práca  |c Alžbeta Chabadová ; školiteľ: Matej Boór 
264 1 |a Bratislava  |c 2025 
300 |a 68 s. 
100 1 |a Chabadová, Alžbeta 
700 1 |a Boór, Matej, 1988- 
710 2 |a Národohospodárska fakulta EU. Katedra financií